[Event "Niteroi op 4th"]
[White "Oliveira, Israel Flavio Felic"]
[Black "Jeremias, Bianca Albano"]
[Site "Niteroi"]
[Round "7"]
[Result "1/2-1/2"]
[Date "2024.09.01"]
[WhiteElo "1839"]
[BlackElo "1938"]
[PlyCount "21"]
[EventDate "2024.08.28"]
[EventType "swiss"]
[EventRounds "7"]
[EventCountry "BRA"]
[SourceTitle "CBM 221 Extra"]
[Source "ChessBase"]
[SourceDate "2024.09.30"]
[SourceVersion "1"]
[SourceVersionDate "2024.09.30"]
[SourceQuality "1"]

1. d4 g6 2. e4 d6 3. f4 Nf6 4. e5 Nfd7 5. Nf3 Bg7 6. Be3 0-0 7. Be2 c5 8. c3 cxd4 9. cxd4 dxe5 10. dxe5 Nc6 11. Nc3 1/2-1/2

[Event "Women's Day Play Magnus"]
[White "Fuentes Godoy, Lilia Ivonne"]
[Black "Jeremias, Bianca Albano"]
[Site "chess24.com INT"]
[Round "6.1"]
[Result "0-1"]
[Date "2021.03.07"]
[WhiteElo "2196"]
[BlackElo "1941"]
[PlyCount "84"]
[EventDate "2021.03.07"]
[EventType "team-tourn (blitz)"]
[EventRounds "7"]
[EventCountry "GER"]
[SourceTitle "CBM 201 Extra"]
[Source "ChessBase"]
[SourceDate "2021.05.31"]
[SourceVersion "1"]
[SourceVersionDate "2021.05.31"]
[SourceQuality "1"]
[WhiteTeam "Brazil chess24"]
[BlackTeam "Chessable #2"]
[WhiteTeamCountry "BRA"]
[BlackTeamCountry "FRA"]

1. d4 d5 2. c4 c6 3. cxd5 cxd5 4. Bf4 Nf6 5. e3 Nc6 6. Nc3 a6 7. a3 Bf5 8. Rc1 Rc8 9. Bd3 Bxd3 10. Qxd3 e6 11. b4 Bd6 12. Bxd6 Qxd6 13. f4 b5 14. Nf3 0-0 15. 0-0 Nd7 16. Ne5 f6 17. Nxd7 Qxd7 18. Rf3 Ne7 19. Rh3 Nf5 20. g4 Nh6 21. Rg3 Rc4 22. Rf1 Rfc8 23. Ne2 Nf7 24. g5 f5 25. h4 Nd6 26. g6 h6 27. Kf2 Ne4+ 28. Kf3 Nxg3 29. Kxg3 Qe8 30. h5 Qc6 31. Ng1 Rc3 32. Qd2 Qc4 33. Re1 Rd3 34. Qf2 Rxa3 35. Nf3 Ra2 36. Qg1 Qc2 37. Ne5 Rc3 38. Nf7 Raa3 39. Kf3 Qd2 40. Re2 Qxd4 41. Nd8 Qe4+ 42. Kf2 Rxe3 0-1

[Event "POR-ch (Women)"]
[White "Ferreira, Ana Margarida"]
[Black "Jeremias, Bianca Albano"]
[Site "Vila Nova de Foz Coa"]
[Round "4.4"]
[Result "1-0"]
[Date "2011.07.04"]
[WhiteElo "1807"]
[BlackElo "1951"]
[PlyCount "117"]
[EventDate "2011.07.02"]
[EventType "swiss"]
[EventRounds "6"]
[EventCountry "POR"]
[SourceTitle "EXT 2012"]
[Source "ChessBase"]
[SourceDate "2011.11.24"]
[SourceVersion "1"]
[SourceVersionDate "2011.11.24"]
[SourceQuality "1"]

1. e4 e6 2. d4 d5 3. Nc3 Nf6 4. e5 Nfd7 5. f4 c5 6. Nf3 Nc6 7. Be3 cxd4 8. Nxd4 Bc5 9. Qd2 a6 10. 0-0-0 0-0 11. h4 Nxd4 12. Bxd4 b5 13. Bxc5 Nxc5 14. Qd4 Qb6 15. f5 b4 16. Ne2 exf5 17. Nf4 Be6 18. h5 h6 19. g4 fxg4 20. Rg1 Nd7 21. Nxe6 fxe6 22. Qxg4 Qe3+ 23. Kb1 Qxe5 24. Bh3 Nc5 25. Rde1 Qf6 26. Qe2 Rae8 27. Rg6 Qe7 28. Reg1 Rf6 29. Rxg7+ Qxg7 30. Rxg7+ Kxg7 31. b3 Ref8 32. Qg4+ Kh8 33. Qxb4 Ne4 34. Qd4 Ng5 35. Bg4 R8f7 36. Be2 a5 37. Qa4 Rf2 38. Bd3 R2f4 39. Qxa5 Ne4 40. Kb2 Kg7 41. Qe1 Ng5 42. a4 R7f6 43. a5 Nf3 44. Qc3 d4 45. Qb4 e5 46. Bg6 Rxg6 47. hxg6 e4 48. Qd6 Rf6 49. Qe7+ Kxg6 50. Qxe4+ Kg5 51. Qb7 h5 52. a6 Rxa6 53. Qxa6 h4 54. Qf1 Kg4 55. Qg2+ Kf4 56. b4 Ng5 57. Qf2+ Nf3 58. b5 h3 59. b6 1-0

[Event "POR-ch (Women)"]
[White "Jeremias, Bianca Albano"]
[Black "Ribeiro, Filipa Neves"]
[Site "Vila Nova de Gaia"]
[Round "?"]
[Result "1-0"]
[Date "2009.??.??"]
[WhiteElo "1965"]
[BlackElo "1420"]
[PlyCount "47"]
[EventDate "2009.07.??"]
[EventType "swiss"]
[EventRounds "7"]
[EventCountry "POR"]
[SourceTitle "EXT 2012"]
[Source "ChessBase"]
[SourceDate "2011.11.24"]
[SourceVersion "1"]
[SourceVersionDate "2011.11.24"]
[SourceQuality "1"]

1. e4 d6 2. d4 Nf6 3. Nc3 g6 4. Be3 c6 5. f3 Bg7 6. Qd2 0-0 7. 0-0-0 Qc7 8. g4 b5 9. h4 h5 10. gxh5 Nxh5 11. Nge2 Qa5 12. a3 b4 13. Nb1 c5 14. Bh6 Nd7 15. Bxg7 Kxg7 16. Rg1 Kh7 17. Nf4 Nxf4 18. Qxf4 cxd4 19. Rg5 Qd8 20. h5 e5 21. Qh4 Kg7 22. Bc4 Qf6 23. hxg6 fxg6 24. Rdg1 1-0

[Event "Wch U20 Girls"]
[White "Efroimski, Marsel"]
[Black "Jeremias, Bianca Albano"]
[Site "Gaziantep"]
[Round "8"]
[Result "1-0"]
[Date "2008.08.10"]
[WhiteElo "2091"]
[BlackElo "1990"]
[PlyCount "69"]
[EventDate "2008.08.03"]
[EventType "swiss"]
[EventRounds "13"]
[EventCountry "TUR"]
[SourceTitle "CBM 125 Extra"]
[Source "ChessBase"]
[SourceDate "2008.09.01"]
[SourceVersion "1"]
[SourceVersionDate "2008.09.01"]
[SourceQuality "1"]

1. e4 e6 2. d4 d5 3. Nd2 Nf6 4. e5 Nfd7 5. Ngf3 c5 6. c3 Nc6 7. Bd3 Be7 8. dxc5 Ndxe5 9. Bb5 Nxf3+ 10. Nxf3 Bxc5 11. 0-0 0-0 12. Bd3 h6 13. Bb1 e5 14. b4 Bd6 15. Qxd5 Be6 16. Qd2 Qc7 17. Re1 Rad8 18. Qe2 f5 19. Bb2 e4 20. h3 Nxb4 21. cxb4 Bc4 22. Qe3 Bf4 23. Qxf4 Qxf4 24. Be5 Qxf3 25. gxf3 Rd5 26. Bc3 exf3 27. Bc2 f4 28. Re5 Rfd8 29. Rae1 Bxa2 30. Be4 Rxe5 31. Bxe5 g5 32. Bxb7 Rd3 33. Be4 Ra3 34. Ra1 Ra4 35. Bd5+ 1-0

[Event "Wch U20 Girls"]
[White "Jeremias, Bianca Albano"]
[Black "Klimets, Elena"]
[Site "Gaziantep"]
[Round "7"]
[Result "0-1"]
[Date "2008.08.08"]
[WhiteElo "1990"]
[BlackElo "2150"]
[PlyCount "98"]
[EventDate "2008.08.03"]
[EventType "swiss"]
[EventRounds "13"]
[EventCountry "TUR"]
[SourceTitle "CBM 125 Extra"]
[Source "ChessBase"]
[SourceDate "2008.09.01"]
[SourceVersion "1"]
[SourceVersionDate "2008.09.01"]
[SourceQuality "1"]

1. e4 d6 2. d4 Nf6 3. Nc3 g6 4. f4 Bg7 5. Nf3 0-0 6. Bd3 Na6 7. 0-0 c5 8. d5 Bg4 9. Be3 Nc7 10. Qe1 Bxf3 11. Rxf3 b5 12. Nxb5 Nxb5 13. Bxb5 Nxe4 14. Rb1 Rb8 15. Bd3 Nf6 16. Bc4 Qd7 17. b3 Qf5 18. Bd3 Qxd5 19. f5 Ng4 20. Bg5 e6 21. Qh4 exf5 22. Rbf1 Ne5 23. Rh3 Qd4+ 24. Qxd4 cxd4 25. Be7 Rfe8 26. Bxd6 Rbd8 27. Bxe5 Rxe5 28. Bc4 Re3 29. Rxe3 dxe3 30. g4 Rd2 31. gxf5 Bd4 32. Re1 gxf5 33. c3 Bxc3 34. Re2 Bd4 35. Kf1 f4 36. Rxd2 exd2 37. Be2 Kg7 38. Kg2 Kf6 39. Kf3 Ke5 40. Bd1 Be3 41. b4 Kd4 42. b5 Kc3 43. a4 Kb2 44. Ke2 Kc1 45. a5 f3+ 46. Kxf3 Kxd1 47. b6 axb6 48. axb6 Ke1 49. b7 d1Q+ 0-1

[Event "Wch U20 Girls"]
[White "Jeremias, Bianca Albano"]
[Black "Ikonomopoulou, Maria"]
[Site "Gaziantep"]
[Round "6"]
[Result "1/2-1/2"]
[Date "2008.08.07"]
[WhiteElo "1990"]
[BlackElo "2074"]
[PlyCount "36"]
[EventDate "2008.08.03"]
[EventType "swiss"]
[EventRounds "13"]
[EventCountry "TUR"]
[SourceTitle "CBM 125 Extra"]
[Source "ChessBase"]
[SourceDate "2008.09.01"]
[SourceVersion "1"]
[SourceVersionDate "2008.09.01"]
[SourceQuality "1"]

1. e4 e6 2. d4 d5 3. Nc3 Bb4 4. e5 c5 5. Bd2 Ne7 6. Nb5 Bxd2+ 7. Qxd2 0-0 8. dxc5 Nbc6 9. Nf3 b6 10. cxb6 Qxb6 11. Qc3 Rb8 12. Rb1 Bd7 13. Nbd4 Rfc8 14. Qd2 Qc7 15. Nb5 Qb6 16. Nbd4 Qc7 17. Nb5 Qb6 18. Nbd4 Qc7 1/2-1/2

[Event "Wch U20 Girls"]
[White "Berke, Ana"]
[Black "Jeremias, Bianca Albano"]
[Site "Gaziantep"]
[Round "5"]
[Result "1-0"]
[Date "2008.08.06"]
[WhiteElo "2100"]
[BlackElo "1990"]
[PlyCount "127"]
[EventDate "2008.08.03"]
[EventType "swiss"]
[EventRounds "13"]
[EventCountry "TUR"]
[SourceTitle "CBM 125 Extra"]
[Source "ChessBase"]
[SourceDate "2008.09.01"]
[SourceVersion "1"]
[SourceVersionDate "2008.09.01"]
[SourceQuality "1"]

1. e4 e6 2. d3 d5 3. Nd2 Nf6 4. Ngf3 c5 5. g3 Nc6 6. Bg2 Be7 7. 0-0 b6 8. Re1 Bb7 9. h4 Qc7 10. Nf1 0-0-0 11. e5 Nd7 12. Bf4 h6 13. Ne3 g5 14. hxg5 hxg5 15. Nxg5 Bxg5 16. Bxg5 Rdg8 17. Bf4 Ndxe5 18. c3 d4 19. Nc4 f6 20. Qe2 Rg6 21. Bxe5 Nxe5 22. Nxe5 Rgh6 23. f3 fxe5 24. Qxe5 Qf7 25. Re4 Bxe4 26. Qxe4 Qb7 27. Qxb7+ Kxb7 28. cxd4 cxd4 29. f4+ Kb8 30. Kf2 Rc8 31. g4 Rc2+ 32. Kg3 Rxb2 33. g5 Rh8 34. Be4 Rc2 35. g6 Kc7 36. Kg4 Kd6 37. Kg5 Rc7 38. Re1 b5 39. f5 exf5 40. Bxf5 Re7 41. Rxe7 Kxe7 42. g7 Rg8 43. Kg6 Kd6 44. Kf7 Rb8 45. g8Q Rxg8 46. Kxg8 Ke5 47. Bd7 b4 48. Kf7 Kf4 49. Ke6 Ke3 50. Bb5 a5 51. Kd5 a4 52. Bxa4 Kxd3 53. Bb3 Kc3 54. Ke4 d3 55. Ke3 d2 56. Ke2 Kd4 57. Kxd2 Ke4 58. Ke2 Kd4 59. Kf3 Kd3 60. Kf4 Kd4 61. Kf5 Kc5 62. Ke5 Kb6 63. Kd4 Ka6 64. Kc5 1-0

[Event "GER-ch U18 Girls"]
[White "Jeremias, Bianca Albano"]
[Black "Fuchs, Maria"]
[Site "Willingen"]
[Round "5"]
[Result "1/2-1/2"]
[Date "2006.06.06"]
[WhiteElo "1971"]
[BlackElo "1758"]
[PlyCount "55"]
[EventDate "2006.06.03"]
[EventType "swiss"]
[EventRounds "9"]
[EventCountry "GER"]
[SourceTitle "EXT 2007"]
[Source "ChessBase"]
[SourceDate "2006.11.23"]
[SourceVersion "1"]
[SourceVersionDate "2006.11.23"]
[SourceQuality "1"]

1. e4 c5 2. Nf3 Nc6 3. d4 cxd4 4. Nxd4 g6 5. Nc3 Bg7 6. Nb3 Nf6 7. Be2 0-0 8. 0-0 b6 9. Re1 Bb7 10. Bf1 d6 11. Bg5 a6 12. Nd5 Nd7 13. c3 Re8 14. Qd2 Nc5 15. Rad1 Ne6 16. Bh6 b5 17. Bxg7 Kxg7 18. f4 Nc7 19. Ne3 Kg8 20. Ng4 Qc8 21. f5 Ne5 22. Nxe5 dxe5 23. fxg6 hxg6 24. Qg5 Qe6 25. Kh1 Qf6 26. Qxf6 exf6 27. Rd7 Rac8 28. Na5 1/2-1/2

[Event "GER-ch U18 Girls"]
[White "Laake, Jasmin Maria"]
[Black "Jeremias, Bianca Albano"]
[Site "Willingen"]
[Round "4"]
[Result "1-0"]
[Date "2006.06.05"]
[WhiteElo "1976"]
[BlackElo "1971"]
[PlyCount "80"]
[EventDate "2006.06.03"]
[EventType "swiss"]
[EventRounds "9"]
[EventCountry "GER"]
[SourceTitle "EXT 2007"]
[Source "ChessBase"]
[SourceDate "2006.11.23"]
[SourceVersion "1"]
[SourceVersionDate "2006.11.23"]
[SourceQuality "1"]

1. e4 e6 2. d4 d5 3. Nc3 Nf6 4. e5 Nfd7 5. f4 c5 6. Nf3 Nc6 7. Be3 cxd4 8. Nxd4 Bc5 9. Qd2 a6 10. 0-0-0 0-0 11. Kb1 Nxd4 12. Bxd4 Qc7 13. g4 b5 14. Bg2 Bb7 15. Rhe1 Rac8 16. Ne2 Nb6 17. f5 Bxd4 18. Nxd4 Nc4 19. Qg5 exf5 20. gxf5 Nxe5 21. f6 Ng6 22. fxg7 Rfe8 23. Nf5 Re6 24. Bh3 f6 25. Qd2 Rxe1 26. Rxe1 Rd8 27. Nd4 Bc8 28. Be6+ Kxg7 29. Bxc8 Qxc8 30. Ne6+ Kg8 31. Nxd8 Qxd8 32. Rd1 Ne7 33. Qf4 Kg7 34. Rg1+ Ng6 35. h4 Kf7 36. Qf5 Qd6 37. h5 Nf8 38. Rd1 Qe6 39. Qxd5 h6 40. Qb7+ Kg8 1-0

[Event "Werther Schloss op-B 12th"]
[White "Jeremias, Bianca Albano"]
[Black "Boehme, Andre"]
[Site "Werther"]
[Round "2"]
[Result "1/2-1/2"]
[Date "2006.04.08"]
[WhiteElo "1951"]
[BlackElo "1873"]
[PlyCount "60"]
[EventDate "2006.04.07"]
[EventType "swiss"]
[EventRounds "5"]
[EventCountry "GER"]
[SourceTitle "EXT 2008"]
[Source "ChessBase"]
[SourceDate "2007.11.25"]
[SourceVersion "1"]
[SourceVersionDate "2007.11.25"]
[SourceQuality "1"]

1. e4 c5 2. Nf3 e6 3. d4 cxd4 4. Nxd4 Nc6 5. Nc3 Qc7 6. Be3 a6 7. Bd3 b5 8. 0-0 Bb7 9. Nb3 Ne5 10. f4 Nc4 11. Bxc4 bxc4 12. Nd2 Nf6 13. Qe2 Rc8 14. e5 Nd5 15. Nxd5 Bxd5 16. c3 Bc5 17. Bxc5 Qxc5+ 18. Kh1 Rb8 19. Ne4 Bxe4 20. Qxe4 Ke7 21. Rab1 g6 22. Rfd1 Rb6 23. Rd4 Rhb8 24. Rxc4 Qf2 25. b4 Qxa2 26. Rd1 R8b7 27. Rcd4 Qa4 28. Qd3 Qb5 29. Qg3 h5 30. Qg5+ Ke8 1/2-1/2

[Event "Werther Schloss op-B 12th"]
[White "Gulatz, Maurice"]
[Black "Jeremias, Bianca Albano"]
[Site "Werther"]
[Round "1"]
[Result "1/2-1/2"]
[Date "2006.04.07"]
[WhiteElo "1817"]
[BlackElo "1951"]
[PlyCount "20"]
[EventDate "2006.04.07"]
[EventType "swiss"]
[EventRounds "5"]
[EventCountry "GER"]
[SourceTitle "EXT 2008"]
[Source "ChessBase"]
[SourceDate "2007.11.25"]
[SourceVersion "1"]
[SourceVersionDate "2007.11.25"]
[SourceQuality "1"]

1. Nf3 Nf6 2. g3 d5 3. Bg2 Bg4 4. d3 Nbd7 5. Nc3 e6 6. 0-0 Bd6 7. e4 0-0 8. h3 Bxf3 9. Bxf3 c6 10. Bg2 Qc7 1/2-1/2

[Event "GER-ch U16 Girls"]
[White "Jeremias, Bianca Albano"]
[Black "Zikeli, Saskia"]
[Site "Willingen"]
[Round "7"]
[Result "1/2-1/2"]
[Date "2005.05.19"]
[WhiteElo "1854"]
[BlackElo "1935"]
[PlyCount "78"]
[EventDate "2005.05.14"]
[EventType "swiss"]
[EventRounds "9"]
[EventCountry "GER"]
[SourceTitle "CBM 106 Extra"]
[Source "ChessBase"]
[SourceDate "2005.07.01"]
[SourceVersion "1"]
[SourceVersionDate "2005.07.01"]
[SourceQuality "1"]

1. e4 c5 2. Nf3 d6 3. d4 cxd4 4. Nxd4 Nf6 5. Nc3 a6 6. Be2 e6 7. Be3 Be7 8. f4 Qc7 9. a4 0-0 10. 0-0 Nc6 11. Kh1 Re8 12. Bg1 Rb8 13. Qd3 Nxd4 14. Bxd4 e5 15. Bg1 exf4 16. Rxf4 Be6 17. Raf1 Rbc8 18. Qg3 Nd7 19. Bg4 Rf8 20. Bxe6 fxe6 21. Qg4 Qc4 22. Nd5 exd5 23. Qe6+ Kh8 24. Qxd7 Rxf4 25. Rxf4 Qc7 26. Qxc7 Rxc7 27. exd5 Rxc2 28. Rf7 Re2 29. Rf2 Rxf2 30. Bxf2 Kg8 31. Bg3 Kf7 32. Kg1 Kf6 33. Kf2 Kf5 34. Kf3 g5 35. h3 h5 36. Ke3 Bf8 37. b3 h4 38. Bh2 Be7 39. Kd3 Bf8 1/2-1/2

[Event "NRW-ch U16/18 Girls"]
[White "Jeremias, Bianca Albano"]
[Black "Zemella, Jennifer"]
[Site "Kranenburg"]
[Round "7"]
[Result "1/2-1/2"]
[Date "2005.04.02"]
[WhiteElo "1765"]
[BlackElo "1751"]
[PlyCount "42"]
[EventDate "2005.03.28"]
[EventType "swiss"]
[EventRounds "7"]
[EventCountry "GER"]
[SourceTitle "CBM 105 Extra"]
[Source "ChessBase"]
[SourceDate "2005.05.01"]
[SourceVersion "1"]
[SourceVersionDate "2005.05.01"]
[SourceQuality "1"]

1. e4 c5 2. Nf3 d6 3. d4 cxd4 4. Nxd4 Nf6 5. Nc3 a6 6. Be2 e5 7. Nb3 Be6 8. Be3 Be7 9. 0-0 0-0 10. f4 exf4 11. Bxf4 Nc6 12. Qd2 Ng4 13. Bxg4 Bxg4 14. Nd5 Ne5 15. Nxe7+ Qxe7 16. Rae1 Rad8 17. Qf2 Ng6 18. Bd2 Bd7 19. Nd4 Qe5 20. Bc3 Qg5 21. Nf5 Bb5 1/2-1/2

[Event "NRW-ch U16/18 Girls"]
[White "Wirths, Clara"]
[Black "Jeremias, Bianca Albano"]
[Site "Kranenburg"]
[Round "5"]
[Result "0-1"]
[Date "2005.03.31"]
[WhiteElo "1783"]
[BlackElo "1765"]
[PlyCount "74"]
[EventDate "2005.03.28"]
[EventType "swiss"]
[EventRounds "7"]
[EventCountry "GER"]
[SourceTitle "CBM 105 Extra"]
[Source "ChessBase"]
[SourceDate "2005.05.01"]
[SourceVersion "1"]
[SourceVersionDate "2005.05.01"]
[SourceQuality "1"]

1. e4 e6 2. d4 d5 3. Nc3 Nf6 4. e5 Nfd7 5. Nce2 c5 6. c3 Nc6 7. Nf3 Be7 8. g3 cxd4 9. cxd4 f6 10. Nf4 Nb6 11. Bh3 f5 12. Bg2 Bd7 13. h4 Nc4 14. 0-0 0-0 15. b3 Nb6 16. Ng5 Bxg5 17. hxg5 g6 18. Bf3 Rc8 19. a3 a5 20. Kg2 Ne7 21. Rh1 a4 22. Qg1 axb3 23. Qh2 Rf7 24. Bh5 Nc4 25. Rb1 gxh5 26. Nxh5 Kf8 27. Nf6 Ng6 28. Nxh7+ Ke7 29. Nf6 Qh8 30. Qg1 Qf8 31. Qe1 Kd8 32. Rxb3 b5 33. Bd2 Nxd2 34. Qxd2 Rc4 35. Qa5+ Ke7 36. Nh7 Qc8 37. Qa6 Qxa6 0-1

[Event "GER-chT Lands U20"]
[White "Jeremias, Bianca Albano"]
[Black "Endress, Anna"]
[Site "Bad Sulza"]
[Round "7.7"]
[Result "1/2-1/2"]
[Date "2004.11.19"]
[WhiteElo "1700"]
[BlackElo "1690"]
[PlyCount "164"]
[EventDate "2004.11.15"]
[EventType "team-swiss"]
[EventRounds "7"]
[EventCountry "GER"]
[SourceTitle "EXT 2006"]
[Source "ChessBase"]
[SourceDate "2005.11.24"]
[SourceVersion "1"]
[SourceVersionDate "2005.11.24"]
[SourceQuality "1"]

1. e4 c5 2. Nf3 e6 3. Nc3 a6 4. g3 b5 5. Bg2 Bb7 6. d3 Qc7 7. 0-0 Be7 8. Ng5 h6 9. Nh3 Nf6 10. f4 d5 11. Nf2 b4 12. Ne2 c4 13. Be3 dxe4 14. dxe4 Nbd7 15. c3 a5 16. Qc2 Nc5 17. cxb4 axb4 18. Qxc4 Qa5 19. Bxc5 Bxc5 20. Qd3 Rd8 21. Qc2 Rc8 22. Qd3 Ba6 23. Qf3 Bb7 24. Qd3 Ng4 25. Rad1 Nxf2 26. Qd7+ Kf8 27. Rxf2 Bxf2+ 28. Kxf2 Qb6+ 29. Qd4 Qxd4+ 30. Rxd4 b3 31. axb3 Ke7 32. Rb4 Ba6 33. Nd4 Rhd8 34. Ke3 Rc7 35. e5 Kd7 36. Rb6 Bc8 37. Bf1 Rb7 38. Rd6+ Ke8 39. Bb5+ Bd7 40. Bxd7+ Rbxd7 41. Rxd7 Rxd7 42. Kd3 Kd8 43. b4 Kc7 44. b5 Kb6 45. Kc4 Ra7 46. f5 Rc7+ 47. Kb4 exf5 48. Nxf5 Rc5 49. Nd6 Rd5 50. Nxf7 Rxb5+ 51. Kc3 Kc7 52. b4 Kd7 53. Kc4 Rb6 54. Nd6 Ke6 55. Kc5 Rb8 56. Nc4 Rc8+ 57. Kd4 g5 58. b5 h5 59. b6 h4 60. b7 Rd8+ 61. Ke4 hxg3 62. hxg3 Rf8 63. Nd6 Rb8 64. g4 Rf8 65. Nc8 Rf4+ 66. Ke3 Rb4 67. Nd6 Kxe5 68. Nf7+ Kf6 69. Nd8 Rb5 70. Kd4 Rb1 71. Kc5 Ke5 72. b8Q+ Rxb8 73. Nc6+ Kf4 74. Nxb8 Kxg4 75. Nc6 Kf4 76. Nd4 g4 77. Ne2+ Kf3 78. Nd4+ Ke3 79. Nf5+ Kf4 80. Nh4 g3 81. Kd4 Kg4 82. Ng2 Kf3 1/2-1/2